| 000 | 00582nam a2200205 a 4500 | ||
|---|---|---|---|
| 003 | OSt | ||
| 005 | 20140507151419.0 | ||
| 008 | 111018s19uu xx 00 eng d | ||
| 020 | _a9789712353376 | ||
| 050 |
_aKPM 880 _b.D4 2011 |
||
| 100 | _aDe Leon, Hector S. | ||
| 245 |
_aThe law on negotiable instruments : _bwith documents of title / _cHector S. De Leon. |
||
| 250 | _a2009 ed. | ||
| 260 |
_aQuezon City : _bRex Printing Company, _cc2011. |
||
| 300 |
_a413 p. : _c22 cm. |
||
| 521 | _aBSBA | ||
| 650 | _aNegotiable instruments | ||
| 942 |
_cBK _2lcc _kFIL |
||
| 999 |
_c24538 _d24538 |
||